Filmy Marvela - Statystyki

Ogólne statystyki
  • Ten quiz został rozwiązany 491 razy
  • Średni wynik to 17 z 32
Statystyki odpowiedzi
Rok Odpowiedź % Poprawnych
2008 Iron Man
93%
2012 Avengers
86%
2010 Iron Man 2
86%
2013 Iron Man 3
83%
2011 Thor
77%
2019 Avengers: Koniec gry
71%
2015 Avengers: Czas Ultrona
66%
2018 Avengers: Wojna bez granic
61%
2014 Kapitan Ameryka: Zimowy żołnierz
60%
2017 Thor: Ragnarok
58%
2015 Ant-Man
57%
2018 Czarna Pantera
55%
2021 Czarna Wdowa
55%
2019 Spider-Man: Daleko od domu
54%
2014 Strażnicy Galaktyki
54%
2011 Kapitan Ameryka: Pierwsze starcie
53%
2017 Spider-Man: Homecoming
53%
2021 Spider-Man: Bez drogi do domu
52%
2018 Ant-Man i Osa
49%
2016 Kapitan Ameryka: Wojna bohaterów
49%
2016 Doktor Strange
47%
2013 Thor: Mroczny świat
46%
2019 Kapitan Marvel
45%
2008 Incredible Hulk
41%
2022 Thor: Miłość i grom
40%
2017 Strażnicy Galaktyki vol. 2
39%
2023 Strażnicy Galaktyki vol. 3
34%
2022 Czarna Pantera: Wakanda w moim sercu
26%
2023 Marvels
23%
2023 Ant-Man i Osa: Kwantomania
21%
2022 Doktor Strange w multiwersum obłędu
21%
2021 Shang-Chi i legenda dziesięciu pierścieni
18%
Nie znaleziono quizów pasujących do podanych kryteriów
Rozkład punktacji
Procent ludzi z każdym wynikiem
Percentyl według liczby udzielonych odpowiedzi
Twoja historia wyników
Nie rozwiązałeś tego quizu